Funf Konzerte fur Kammerensemble (Запис номер 530591)
[ съкратено ]
| 000 -Лидер | |
|---|---|
| Лидер | 01522njm a2200289 a 4500 |
| 003 - Код на организацията, давaща контролен номер | |
| Код на организацията, даваща контролен номер | BLK |
| 005 - Дата и час на последна редакция | |
| Дата и час на последна редакция | 20250401162225.0 |
| 007 - Фиксирано поле за физическо описани | |
| Физическо описание | sd asmalaaahaa |
| 008 - Елементи от данни с фиксирана дължина | |
| Елементи с фиксирана дължина | 221104b bu |||||s|||| 00| | bu d |
| 028 ## - PUBLISHER NUMBER | |
| Издателски номер | 825740 |
| 040 ## - Източник на каталожния запис | |
| Код на библиотеката | BLK |
| 041 ## - Код за език | |
| Език на записа | Немски |
| Език за КДБФ | Немски |
| 080 ## - УДК | |
| УДК текст | Камерен оркестър |
| УДК код | 785.16 |
| УДК – определител | (086.72) |
| УДК – код + определител | 785.16(086.72) |
| 100 1# - Редна дума - Автор | |
| R(LIN) | 27390 |
| Автор | Vivaldi, Antonio |
| 245 ## - Сведения за заглавието | |
| Заглавие | Funf Konzerte fur Kammerensemble |
| Авторска отговорност | Antonio Vivaldi ; изп. Ars-Rediviva-Ensemble Prag |
| 260 ## - Област на издателските данни | |
| 9 (RLIN) | 215027 |
| Място на издаване | Berlin |
| Име на издателя | Deutsche Schallplatten |
| Година на издаване | 1968 |
| 300 ## - Физическа характеристика | |
| Брой страници | 1 грамофонна плоча |
| Илюстрации | 33 об/мин, стерео |
| Размер | 30 см |
| 380 ## - Жанр | |
| Жанр | Изкуство |
| 490 ## - СЕРИИ (Колекции) | |
| Серия | Eterna |
| 9 (RLIN) | 493861 |
| 505 ## - Форматирана забележка | |
| Подзаглавни данни | (01) Concerto g-moll für Flöte, Oboe, Violine, Fagott und Basso continuo PV360<br/>(02) Concerto F-dur für Flöte, begleitende Instrumente und Basso continuo PV262<br/>(03) Concerto g-moll für Flöte, Oboe und Fagott<br/>(Basso continuo) PV402<br/>----<br/>(04) Concerto g-moll für Flöte, Violine, Fagott und Basso continuo PV404<br/>(05) Concerto C-dur für Flöte, Oboe, Violine, Fagott und Basso continuo PV82 |
| 511 ## - Забележка за участници или изпълнители | |
| Забележка за участници | Ars-Rediviva-Ensemble Prag:<br/>Milan Munclinger, Flöte<br/>Stanislav Duchon, Oboe<br/>Frantisek Bidlo, Fagott<br/>Vaclav Snitil, Violine<br/>Frantisek Slama, Violoncello<br/>Josef Hala, Cembalo |
| 650 #0 - Допълнително описание по предмет – тема | |
| 9 (RLIN) | 316670 |
| Предметна рубрика | Камерна музика, инструментална |
| 852 ## - Местоположение | |
| Сигнатура (форматна) | Ф ІІ 3732 |
| Отдел | Основен фонд - ползва се само за читалня |
| 856 ## - Електронен адрес и достъп | |
| Инструкция (цена за достъп) | 0.00 |
| Права за достъп | disable |
| 942 ## - АРТИКУЛИ | |
| Вид на библиотечния документ | Грамофонни плочи |
| Скрит в OPAC | Не |
| 944 ## - СЪЗДАВАНЕ И РЕДАКЦИЯ на ЗАПИСА | |
| Дата на регистрацията/редакция | Кети Илиева |
| Служител, извършил регистрацията/редакцията | 30550 |
| Статус, дата на статуса | Кети Илиева |
| 999 ## - СИСТЕМНИ КОНТРОЛНИ НОМЕРА | |
| Koha biblionumber | 530591 |
| Koha biblioitemnumber | 530591 |
| Код за отписване | Код за изгубен артикул | Източник на класификационната схема | Код за повреда | Коз за рестрикции | Код за отдаване | Артикулен № | Име на библиотеката - собственик | Име на библиотеката, в която се намира в момента | Статус (Текущо местоположение) | Дата на вписване в системата | Местоположение - отдел | Цена в лева | Инвентарен номер | Систематично азбучна сигнатура | Баркод | Цена в евро | Служебен тип на артикула |
|---|---|---|---|---|---|---|---|---|---|---|---|---|---|---|---|---|---|
| Не е изгубен | Universal Decimal Classification | Не е повреден | само за читалня | ползва се в читалня | 965596 | Регионална библиотека "Любен Каравелов" Русе | Регионална библиотека "Любен Каравелов" Русе | Хранилище | 2025-04-01 | Основен фонд - ползва се само за читалня | 6.00 | 11684 | Ф ІІ 3732 | 900000117222 | 3.07 | Грамофонни плочи |